000 00490 a2200145 4500
020 _a8474326478
082 _a305.8
_bC637-i
100 _aClifford, James
_9477
245 _aItinerarios Transculturales
260 _aBarcelona
_bGedisa
_c1999
300 _a493 p
_bil (a color)
_c22.5 cm
505 _tPrologo
_tViajes
_tContactos
_tFuturos
_tNotas
_tReferencias Bibliograficas
_tFuentes
_tAgradecimientos Indicie Tematico
650 _aEtnologa̕
_vFilosofa̕
_vViajes
_9565
700 _aJames Clifford
_9478
999 _c95
_d95